000 01093nam a22001697a 4500
008 150629b xxu||||| |||| 00| 0 eng d
020 _a9781285081977
050 _aQA76.63.F37
100 _aFarrell, Joyce.
245 _aJava programming. /
_cJoyce Farrell.
250 _a7th ed.
260 _aBoston;
_bCourse Technology - Cengage Learning,
_c2014.
300 _axxx,1084p. :
_bills. ;
_c25cm.
500 _aIncludes glossary and index.
505 _aContents: Creating java programs -- Using methods, classes, and objectives -- More object concepts -- Making decisions -- Looping -- Characters, strings, and the stringbuilder -- Arrays -- Advanced array concepts -- Introduction to inheritance -- Advanced inheritance concepts -- Exception handling -- File input and output -- Introduction to swing components -- Advanced gui topics -- Graphics -- Applets, images, and sound -- Appendix A: Working with the java platform -- Appendix B: Learning about data representation -- Appendix C: Formatting output -- Appendix D: Generating random numbers -- Appendix E: Javadoc.
942 _2lcc
_cBK
999 _c5573
_d13073